000 00649nam a22002057a 4500
005 20240219121531.0
010 _aENG-139357
020 _c217.00/-
_a978-81-928022-1-3
035 _aEN-122889
037 _bDBAD/PUB
082 _a500
100 _aDeepika , CH.
_962255
245 _aPhysical Science ; Class 10/
_cBy CH. Deepika
_bStudy Material with Question Bank
250 _afirst
260 _aHyderabad
_bSpectrum school bools
_c2018
270 _a#326/C, Level-4, surneni Nilayam Near B.K. Guda Park S.R. Nagar Hyderabad-500038
300 _a12. 478p.
_c28cm(pb)
700 _962253
942 _2ddc
_cEN
_mPHY
_h500
999 _c200894
_d200894